[Event "Vasta In Memoriam "]
[Site "Mar del Plata"]
[Date "2014.05.13"]
[Round "1.1"]
[White "DI MURO, Matias"]
[Black "IM ROSITO, Jorge"]
[Result "1/2-1/2"]
[WhiteElo "2292"]
[BlackElo "2381"]
[EventRounds "2"]
[EventCountry "ARG"]

1. e4 e5 2. Nf3 Nc6 3. Bb5 f5 4. d3 fxe4 5. dxe4 Nf6 6. O-O Bc5 7. Qd3 Nd4 8.
Nxd4 Bxd4 9. c3 Bb6 10. Bc4 d6 11. h3 Qe7 12. a4 a6 13. Na3 Be6 14. Bxe6 Qxe6
15. Nc4 Ba7 16. Be3 O-O 17. Bxa7 Rxa7 18. Ne3 Raa8 19. Nd5 Nxd5 20. Qxd5 Qxd5
21. exd5 Rf4 22. b3 Raf8 23. Ra2 Kf7 24. Re1 Ke7 25. Re3 g5 26. Rae2 {#d}
1/2-1/2

[Event "Vasta In Memoriam "]
[Site "Mar del Plata"]
[Date "2014.05.13"]
[Round "1.1"]
[White "ANINO, Sergio"]
[Black "FIDEL, Roberto"]
[Result "1/2-1/2"]
[WhiteElo "2156"]
[BlackElo "2197"]
[EventType "tourn"]
[EventRounds "2"]
[EventCountry "ARG"]

1. d4 Nf6 2. c4 e6 3. Nf3 Bb4+ 4. Nbd2 d5 5. Qa4+ Nc6 6. Ne5 Bd7 7. Nxd7 Qxd7
8. e3 O-O 9. a3 Bxd2+ 10. Bxd2 Ne4 11. Bc3 Rad8 12. Qc2 e5 13. dxe5 Nxc3 14.
Qxc3 d4 15. exd4 Qxd4 16. Qxd4 Rxd4 17. Be2 Nxe5 18. O-O Rd2 19. Rfe1 Rxb2 20.
Bf1 Nc6 21. Rad1 Rc8 22. g3 Kf8 23. Rd7 Re8 24. Rxe8+ Kxe8 25. Rxc7 Ne5 26.
Rc8+ Ke7 27. Rc5 Kf6 28. Bh3 g6 29. Rc7 Nd3 30. Bc8 b6 31. Rxa7 Nxf2 32. Rb7
Nd3 33. a4 Nc5 34. Ra7 Ra2 35. Bd7 Nxd7 36. Rxd7 Rxa4 37. Rd6+ Kg7 38. Rc6 Rb4
39. Kf2 b5 40. cxb5 {#d} 1/2-1/2

[Event "Vasta In Memoriam "]
[Site "Mar del Plata"]
[Date "2014.05.13"]
[Round "1.1"]
[White "FRAILE, Jorge"]
[Black "GOYENECHE, Roberto"]
[Result "1-0"]
[WhiteElo "2355"]
[BlackElo "2151"]
[EventType "tourn"]
[EventRounds "2"]
[EventCountry "ARG"]

1. d4 Nf6 2. c4 g6 3. Nc3 Bg7 4. e4 d6 5. f3 c6 6. Be3 a6 7. Qd2 O-O 8. Bd3 b5
9. b3 Nbd7 10. Nge2 bxc4 11. bxc4 c5 12. d5 Ne5 13. f4 Nxd3+ 14. Qxd3 Ng4 15.
Bd2 f5 16. Rc1 Rb8 17. h3 Nf6 18. exf5 Bxf5 19. Qe3 Rb2 20. O-O h5 21. Kh1 Qd7
22. Be1 Bh6 23. Bh4 e5 24. Bxf6 Rxf6 25. Qg3 Rf8 26. Rce1 e4 27. Qe3 Bg7 28.
Rb1 Rfb8 29. Rxb2 Rxb2 30. Nxe4 Qe7 31. N2c3 Rc2 32. Qf3 Bd4 33. Kh2 Qg7 34.
Ne2 Qe7 35. N2g3 Rxc4 36. Nxf5 gxf5 37. Ng5 Qe8 38. Qd3 Ra4 39. Qxf5 Rxa2 40.
Qh7+ {#r} 1-0

[Event "Vasta In Memoriam "]
[Site "Mar del Plata"]
[Date "2014.05.15"]
[Round "1.2"]
[White "IM ROSITO, Jorge"]
[Black "GOYENECHE, Roberto"]
[Result "1-0"]
[WhiteElo "2381"]
[BlackElo "2151"]
[EventType "tourn"]
[EventRounds "2"]
[EventCountry "ARG"]

1. e4 d6 2. d4 Nf6 3. Nc3 g6 4. f4 Bg7 5. Nf3 c6 6. Bd3 Bg4 7. h3 Bxf3 8. Qxf3
Qb6 9. e5 Nfd7 10. Qf2 Na6 11. O-O Nb4 12. Be4 f5 13. Bf3 e6 14. Be3 d5 15. b3
Na6 16. Na4 Qa5 17. Bd2 Qd8 18. c4 Bf8 19. g4 Be7 20. Kh1 O-O 21. Rg1 Kh8 22.
Rg2 Nc7 23. Rag1 b5 24. cxb5 Nxb5 25. Be3 Rc8 26. Rc1 g5 27. Qg3 h6 28. gxf5
Rxf5 29. Bg4 gxf4 30. Bxf4 Bh4 31. Qe3 Rxf4 32. Qxf4 Bg5 33. Qf7 Nxd4 34. Re1
Qe8 35. Qf2 c5 36. h4 Be7 37. Qe3 Qf8 38. Reg1 Bxh4 39. Rh2 Nxe5 40. Rxh4 Nxg4
41. Rhxg4 Qf3+ 42. Qxf3 Nxf3 43. Rc1 Ne5 44. Rg3 c4 45. bxc4 Nxc4 46. Nb2 {#r}
1-0

[Event "Vasta In Memoriam "]
[Site "Mar del Plata"]
[Date "2014.05.15"]
[Round "1.2"]
[White "FIDEL, Roberto"]
[Black "FRAILE, Jorge"]
[Result "1/2-1/2"]
[WhiteElo "2197"]
[BlackElo "2355"]
[EventType "tourn"]
[EventRounds "2"]
[EventCountry "ARG"]

1. d4 g6 2. c4 Bg7 3. Nc3 d6 4. e4 Nc6 5. Be3 e5 6. d5 Nce7 7. g4 Nf6 8. f3
O-O 9. Nge2 Ne8 10. Qd2 f5 11. gxf5 gxf5 12. O-O-O f4 13. Bf2 Kh8 14. Kb1 Bf6
15. h4 Rg8 16. Bh3 Bxh3 17. Rxh3 Ng6 18. Rdh1 Nf8 19. R3h2 Qe7 20. Qe1 Nd7 21.
Rg1 Rxg1 22. Qxg1 a6 23. Qg4 Ng7 24. Ng1 h5 25. Qg6 Nf8 26. Qh6+ Kg8 27. Rg2
Kf7 28. Nh3 Rd8 29. Ne2 Rd7 30. Be1 Ke8 31. Bc3 Bxh4 32. Nexf4 Qf7 33. Rxg7
Qxg7 34. Qxh5+ Qf7 35. Qxh4 exf4 36. Nxf4 Qg8 37. Nh5 Qg1+ 38. Kc2 Qg2+ 39.
Kb3 Nh7 40. Nf6+ Nxf6 41. Qxf6 Rf7 42. Qh8+ Kd7 43. e5 dxe5 44. Qxe5 Qxf3 45.
Qe6+ Kd8 46. a3 Qf5 47. Qh6 Rh7 48. Qe3 b5 49. Qd4 Qf1 50. c5 Rh1 51. Kb4 Qd1
52. Qf6+ Kc8 53. Qxa6+ Kb8 54. Qxb5+ Ka8 55. Qc6+ Kb8 56. Qe8+ Ka7 57. Qa4+
Qxa4+ 58. Kxa4 Rd1 59. Kb5 Rxd5 60. Kc6 Rh5 61. Ba5 Rh2 62. b4 Ra2 63. Bxc7
Rxa3 64. b5 Rb3 65. b6+ Ka8 66. Kd7 Rd3+ 67. Kc8 Rb3 68. Bd6 Rxb6 {#d} 1/2-1/2

[Event "Vasta In Memoriam "]
[Site "Mar del Plata"]
[Date "2014.05.15"]
[Round "1.2"]
[White "DI MURO, Matias"]
[Black "ANINO, Sergio"]
[Result "1-0"]
[WhiteElo "2292"]
[BlackElo "2156"]
[EventRounds "2"]
[EventCountry "ARG"]

1. e4 e5 2. Nf3 Nc6 3. Bb5 Nge7 4. Nc3 a6 5. Bc4 Ng6 6. h4 h6 7. Nd5 Bc5 8. c3
b5 9. Bb3 d6 10. d4 Ba7 11. Ne3 exd4 12. cxd4 O-O 13. h5 Nge7 14. O-O Na5 15.
Bc2 c5 16. b3 Nac6 17. d5 Ne5 18. Nh2 f5 19. f4 Ng4 20. Nhxg4 fxg4 21. g3 c4
22. Kg2 cxb3 23. axb3 Qc7 24. Qd3 Bb6 25. f5 Kh8 26. Nxg4 Ng8 27. Bb2 Nf6 28.
Rf4 Nxh5 29. Rh1 Nxf4+ 30. gxf4 Kh7 31. Nxh6 Re8 32. f6 gxh6 33. e5+ Kg8 34.
Qg6+ {#r} 1-0

[Event "Vasta In Memoriam "]
[Site "Mar del Plata"]
[Date "2014.05.17"]
[Round "1.3"]
[White "ANINO, Sergio"]
[Black "IM ROSITO, Jorge"]
[Result "1/2-1/2"]
[WhiteElo "2156"]
[BlackElo "2381"]
[EventType "tourn"]
[EventRounds "2"]
[EventCountry "ARG"]

1. d4 Nf6 2. c4 e6 3. Nc3 Bb4 4. a3 Bxc3+ 5. bxc3 c5 6. e3 O-O 7. Bd3 Nc6 8.
Ne2 b6 9. e4 Ne8 10. O-O Ba6 11. Qc2 e5 12. f4 d6 13. d5 Na5 14. f5 Bxc4 15.
Bxc4 Nxc4 16. f6 Qd7 17. Qd3 Na5 18. Qg3 Kh8 19. Qh4 Nxf6 20. Rxf6 gxf6 21.
Qxf6+ Kg8 {#d} 1/2-1/2

[Event "Vasta In Memoriam "]
[Site "Mar del Plata"]
[Date "2014.05.17"]
[Round "1.3"]
[White "FRAILE, Jorge"]
[Black "DI MURO, Matias"]
[Result "1/2-1/2"]
[WhiteElo "2355"]
[BlackElo "2292"]
[EventRounds "2"]
[EventCountry "ARG"]

1. Nf3 d5 2. g3 Nf6 3. Bg2 c6 4. d3 h6 5. O-O Bf5 6. Nbd2 e6 7. Qe1 Be7 8. e4
Bh7 9. Qe2 O-O 10. Re1 Re8 11. e5 Nfd7 12. Nf1 Nf8 13. h4 Nbd7 14. h5 f6 15.
Bf4 fxe5 16. Nxe5 Bf6 17. Nh2 Nxe5 18. Bxe5 Bxe5 19. Qxe5 Nd7 20. Qd6 Nf6 21.
Qe5 Nd7 22. Qd6 {#d} 1/2-1/2

[Event "Vasta In Memoriam "]
[Site "Mar del Plata"]
[Date "2014.05.17"]
[Round "1.3"]
[White "GOYENECHE, Roberto"]
[Black "FIDEL, Roberto"]
[Result "0-1"]
[WhiteElo "2151"]
[BlackElo "2197"]
[EventType "tourn"]
[EventRounds "2"]
[EventCountry "ARG"]

1. c4 Nf6 2. d4 e6 3. Nc3 d5 4. Bg5 Be7 5. e3 O-O 6. cxd5 exd5 7. Bd3 Re8 8.
Nge2 Nbd7 9. O-O c6 10. Qc2 Ne4 11. Bf4 Nxc3 12. bxc3 Nf6 13. f3 c5 14. Bg3 c4
15. Bf5 Bxf5 16. Qxf5 Bf8 17. Bf2 g6 18. Qf4 Nh5 19. Qg4 f5 20. Qh3 Qd7 21.
Rfe1 b5 22. Rab1 a5 23. Ng3 Nxg3 24. Qxg3 b4 25. Re2 Bd6 26. f4 Rab8 27. Qf3
Qe6 28. cxb4 axb4 29. Be1 c3 30. h3 Bf8 31. Rc1 Qe4 32. Kf2 Qxf3+ 33. Kxf3 Re6
34. Bh4 Kf7 35. g4 Ra6 36. Rcc2 Rba8 37. Kf2 Rxa2 38. Rxa2 Rxa2 39. Rxa2 b3
40. Ra7+ Kg8 41. Rb7 b2 42. Rb8 {#R} 0-1

[Event "Vasta In Memoriam "]
[Site "Mar del Plata"]
[Date "2014.05.22"]
[Round "1.5"]
[White "IM ROSITO, Jorge"]
[Black "FIDEL, Roberto"]
[Result "1-0"]
[WhiteElo "2381"]
[BlackElo "2197"]
[EventType "tourn"]
[EventRounds "2"]
[EventCountry "ARG"]

1. e4 e5 2. Nf3 Nf6 3. Nc3 Nc6 4. Bb5 Bb4 5. O-O O-O 6. d3 d6 7. Bg5 Bxc3 8.
bxc3 Ne7 9. Nh4 c6 10. Bc4 d5 11. Bb3 dxe4 12. Bxf6 gxf6 13. dxe4 Qxd1 14.
Raxd1 f5 15. exf5 Nxf5 16. Nf3 e4 17. Ng5 e3 18. fxe3 Nxe3 19. Rxf7 Rxf7 20.
Rd8+ Kg7 21. Nxf7 a5 22. a4 Nxc2 23. Nd6 Be6 24. Rxa8 Bxb3 25. Rxa5 Ne3 26.
Ra7 Bd5 27. c4 Bxg2 28. Kf2 {#r} 1-0

[Event "Vasta In Memoriam "]
[Site "Mar del Plata"]
[Date "2014.05.22"]
[Round "1.5"]
[White "DI MURO, Matias"]
[Black "GOYENECHE, Roberto"]
[Result "1-0"]
[WhiteElo "2292"]
[BlackElo "2151"]
[EventRounds "2"]
[EventCountry "ARG"]

1. d4 g6 2. c4 Bg7 3. Nc3 d6 4. Nf3 Nf6 5. e4 O-O 6. Be2 Bg4 7. d5 Na6 8. O-O
c5 9. Ne1 Bxe2 10. Qxe2 e6 11. dxe6 fxe6 12. f4 Nb4 13. Be3 Qe7 14. Rd1 Nc6
15. g4 Nd4 16. Qg2 Nd7 17. Bd2 Rad8 18. Nd3 a6 19. Kh1 b5 20. cxb5 axb5 21.
Ne2 Ra8 22. Nec1 Nb6 23. Be3 Nc4 24. Bg1 b4 25. b3 Na3 26. Nxb4 Qb7 27. Nbd3
Nab5 28. Rde1 Nc3 29. Rf2 Qa6 30. e5 Nd5 31. Qg3 Qc6 32. Qg2 dxe5 33. Nxe5 Qc7
34. Ncd3 Rad8 35. h3 Bxe5 36. fxe5 c4 37. Rc1 Nb6 38. Rxf8+ Kxf8 39. Bxd4 Rxd4
40. Qf2+ Kg7 41. Qxd4 Qb7+ 42. Kh2 cxd3 43. Qxd3 Nd5 44. Qf3 Qb8 45. Re1 g5
46. h4 Qb4 47. Rf1 {#r} 1-0

[Event "Vasta In Memoriam "]
[Site "Mar del Plata"]
[Date "2014.05.22"]
[Round "1.5"]
[White "ANINO, Sergio"]
[Black "FRAILE, Jorge"]
[Result "1-0"]
[WhiteElo "2156"]
[BlackElo "2355"]
[EventType "tourn"]
[EventRounds "2"]
[EventCountry "ARG"]

1. d4 g6 2. c4 Bg7 3. Nf3 Nf6 4. Nc3 O-O 5. e4 d6 6. Be2 e5 7. d5 a5 8. Bg5 h6
9. Bh4 Qe8 10. Nd2 Nh7 11. O-O Na6 12. a3 Bd7 13. b3 h5 14. f3 Bh6 15. Rb1
Be3+ 16. Kh1 Bc5 17. Qc1 g5 18. Bf2 h4 19. Nd1 f5 20. Bxc5 Nxc5 21. b4 axb4
22. axb4 Na6 23. c5 Bb5 24. Bc4 f4 25. c6 Bxc4 26. Qxc4 bxc6 27. dxc6+ Qf7 28.
Nc3 Nf6 29. Nd5 Nxd5 30. exd5 Kg7 31. Ne4 Kg6 32. Rfd1 Nb8 33. b5 Ra3 34. Rd3
Rxd3 35. Qxd3 Kh6 36. b6 Rd8 37. h3 cxb6 38. Rxb6 Qa7 39. Nf6 Rh8 40. Ng4+ Kh5
41. Rb7 {#r} 1-0

[Event "Vasta In Memoriam "]
[Site "Mar del Plata"]
[Date "2014.05.20"]
[Round "1.4"]
[White "FRAILE, Jorge"]
[Black "IM ROSITO, Jorge"]
[Result "0-1"]
[WhiteElo "2355"]
[BlackElo "2381"]
[EventType "tourn"]
[EventRounds "2"]
[EventCountry "ARG"]

1. Nf3 Nf6 2. g3 d5 3. Bg2 c6 4. O-O h6 5. d3 Bf5 6. Nbd2 e6 7. Qe1 Be7 8. e4
Bh7 9. Qe2 O-O 10. Re1 a5 11. e5 Nfd7 12. Nf1 a4 13. h4 a3 14. b3 Bb4 15. Bd2
Qa5 16. Bxb4 Qxb4 17. Rab1 Na6 18. Ne3 Nc7 19. Rbc1 Nb5 20. c4 Nc3 21. Qd2
Nxa2 22. Qxa2 Bxd3 23. Nc2 Qa5 24. cxd5 cxd5 25. Re3 Bxc2 26. Rxc2 b5 27. Rec3
Rfb8 28. Rc7 Nxe5 29. Nxe5 Qe1+ 30. Bf1 Qxe5 31. b4 g6 32. R7c5 Qe1 33. R2c3
Ra4 34. Rxa3 Qxb4 35. Rxa4 bxa4 36. Rc7 Qa5 37. Rc6 Ra8 38. Qa3 Qe1 39. Rc7
Qe5 40. Qe7 Qg7 41. Qa3 Qe5 42. Rb7 h5 43. Qf3 Qg7 44. Qa3 Qd4 45. Bd3 Qf6 46.
Bb5 e5 47. Bxa4 e4 48. Rb1 Qd4 49. Rb4 Qf6 50. Qc1 {#R} 0-1

[Event "Vasta In Memoriam "]
[Site "Mar del Plata"]
[Date "2014.05.20"]
[Round "1.4"]
[White "GOYENECHE, Roberto"]
[Black "ANINO, Sergio"]
[Result "1-0"]
[WhiteElo "2151"]
[BlackElo "2156"]
[EventType "tourn"]
[EventRounds "2"]
[EventCountry "ARG"]

1. c4 e6 2. g3 d5 3. Bg2 c6 4. b3 dxc4 5. bxc4 Qd4 6. Nc3 Qxc4 7. Bb2 Nf6 8.
Nf3 Nbd7 9. O-O Be7 10. d3 Qb4 11. Rb1 Qa5 12. e4 O-O 13. Qe2 e5 14. Nh4 Re8
15. Ba1 Nf8 16. Nf5 Bc5 17. Ne3 Ne6 18. Qd1 b5 19. a4 a6 20. Ne2 Qc7 21. Qc2
Qa7 22. Bxe5 Nd7 23. Ba1 Bxe3 24. fxe3 Qxe3+ 25. Kh1 Bb7 26. d4 Nb6 27. Rb3
Qg5 28. axb5 cxb5 29. Rf5 Qg6 30. Rc3 Nc4 31. d5 Nc5 32. Nf4 Qb6 33. Nh5 Qa5
34. Rf1 Nd7 35. Rxc4 bxc4 36. Qb2 c3 37. Qxb7 Ne5 38. Bh3 Qc5 39. d6 Ra7 40.
Qd5 Qe3 41. d7 Rxd7 42. Bxd7 c2 43. Bxe8 c1=Q 44. Bxf7+ {#r} 1-0

[Event "Vasta In Memoriam "]
[Site "Mar del Plata"]
[Date "2014.05.20"]
[Round "1.4"]
[White "FIDEL, Roberto"]
[Black "DI MURO, Matias"]
[Result "1/2-1/2"]
[WhiteElo "2197"]
[BlackElo "2292"]
[EventRounds "2"]
[EventCountry "ARG"]

1. d4 d5 2. Nf3 Nf6 3. c4 c6 4. Nbd2 g6 5. g3 Bg7 6. Bg2 O-O 7. O-O dxc4 8.
Nxc4 Nbd7 9. b3 Nb6 10. Nfe5 Ng4 11. Bb2 a5 12. Nxb6 Qxb6 13. Nc4 {#d} 1/2-1/2

[Event "Vasta In Memoriam "]
[Site "Mar del Plata"]
[Date "2014.05.24"]
[Round "2.1"]
[White "IM ROSITO, Jorge"]
[Black "DI MURO, Matias"]
[Result "1/2-1/2"]
[WhiteElo "2381"]
[BlackElo "2292"]
[EventRounds "2"]
[EventCountry "ARG"]

1. e4 c5 2. Nf3 d6 3. Bb5+ Nd7 4. c3 Ngf6 5. Qe2 a6 6. Ba4 e6 7. O-O Be7 8. d4
O-O 9. Bg5 b5 10. Bc2 Bb7 11. Nbd2 cxd4 12. cxd4 Rc8 13. Bd3 e5 14. dxe5 dxe5
15. Nb3 Nh5 16. Bd2 Nf4 17. Bxf4 exf4 18. Rfd1 Qe8 19. a4 bxa4 20. Na5 Ba8 21.
Bxa6 Rc5 22. Bb5 Qb8 23. Bxd7 Rxa5 24. Rxa4 Rxa4 25. Bxa4 Bf6 26. Bb5 Bxe4
{#d} 1/2-1/2

[Event "Vasta In Memoriam "]
[Site "Mar del Plata"]
[Date "2014.05.24"]
[Round "2.1"]
[White "FIDEL, Roberto"]
[Black "ANINO, Sergio"]
[Result "0-1"]
[WhiteElo "2197"]
[BlackElo "2156"]
[EventType "tourn"]
[EventRounds "2"]
[EventCountry "ARG"]

1. d4 d5 2. c4 e6 3. Nf3 c6 4. Nbd2 f5 5. g3 Nf6 6. Bg2 Bd6 7. O-O Qe7 8. Qc2
O-O 9. Ne5 Ne4 10. Ndf3 b6 11. Nd3 Bb7 12. Bf4 Nd7 13. Bxd6 Qxd6 14. Rad1 c5
15. Nde5 Nxe5 16. dxe5 Qc7 17. Qc1 Rfd8 18. Rd3 dxc4 19. Qxc4 Bd5 20. Qc2 Rac8
21. Rfd1 c4 22. Rd4 c3 23. b3 b5 24. Bh3 g6 25. g4 Kh8 26. Qd3 Qg7 27. Qe3 h5
28. g5 Qe7 29. Rc1 b4 30. Bg2 a5 31. Rc2 Kg7 32. h4 a4 33. bxa4 Bxa2 34. Rxd8
Rxd8 35. Nd4 Bd5 36. Nb5 Qc5 37. Nd4 Rc8 38. Bxe4 fxe4 39. Rc1 b3 {#R} 0-1

[Event "Vasta In Memoriam "]
[Site "Mar del Plata"]
[Date "2014.05.24"]
[Round "2.1"]
[White "GOYENECHE, Roberto"]
[Black "FRAILE, Jorge"]
[Result "1/2-1/2"]
[WhiteElo "2151"]
[BlackElo "2355"]
[EventType "tourn"]
[EventRounds "2"]
[EventCountry "ARG"]

1. d4 g6 2. c4 Bg7 3. Nc3 d6 4. e4 Nc6 5. d5 Nd4 6. Be3 c5 7. Nge2 Qb6 8. Rb1
e5 9. dxe6 Bxe6 10. Nf4 Ne7 11. Bd3 O-O 12. O-O Rae8 13. Re1 a6 14. Bf1 Qc6
15. g3 Qc7 16. Nxe6 fxe6 17. f4 e5 18. Bg2 Kh8 19. Rf1 Qd7 20. Qd3 Rb8 21. Rf2
b5 22. Rbf1 Qe6 23. Nd5 exf4 24. gxf4 bxc4 25. Qa3 Nxd5 26. exd5 Qe7 27. Kh1
c3 28. Bc1 cxb2 29. Bxb2 Qb7 30. Be4 Qb5 31. f5 gxf5 32. Bxf5 Rxf5 33. Bxd4
Qxf1+ 34. Rxf1 Rxf1+ 35. Kg2 Rbf8 36. Bxg7+ Kxg7 37. Qg3+ Kh8 38. Qxd6 R8f5
{#d} 1/2-1/2

[Event "Vasta In Memoriam "]
[Site "Mar del Plata"]
[Date "2014.05.27"]
[Round "2.2"]
[White "GOYENECHE, Roberto"]
[Black "IM ROSITO, Jorge"]
[Result "1/2-1/2"]
[WhiteElo "2151"]
[BlackElo "2381"]
[EventType "tourn"]
[EventRounds "2"]
[EventCountry "ARG"]

1. d4 Nf6 2. c4 e6 3. Nc3 Bb4 4. f3 d5 5. e3 O-O 6. a3 Be7 7. cxd5 exd5 8. Bd3
c5 9. Nge2 Nc6 10. O-O Re8 11. Kh1 a6 12. dxc5 Bxc5 13. e4 dxe4 14. Nxe4 Be7
15. N2c3 Ne5 16. Bc2 Be6 17. Bf4 Nc4 18. Rb1 Qxd1 {#d} 1/2-1/2

[Event "Vasta In Memoriam "]
[Site "Mar del Plata"]
[Date "2014.05.27"]
[Round "2.2"]
[White "FRAILE, Jorge"]
[Black "FIDEL, Roberto"]
[Result "1-0"]
[WhiteElo "2355"]
[BlackElo "2197"]
[EventType "tourn"]
[EventRounds "2"]
[EventCountry "ARG"]

1. Nf3 Nf6 2. g3 e6 3. Bg2 d5 4. O-O Be7 5. c4 O-O 6. d4 dxc4 7. Qa4 a6 8.
Qxc4 b5 9. Qc2 Bb7 10. Nc3 Nbd7 11. Rd1 c5 12. Bg5 Qc7 13. Rac1 Rac8 14. Qb1
b4 15. Na4 Be4 16. Qa1 c4 17. Bxf6 Nxf6 18. Nc5 Bxc5 19. Rxc4 Qa5 20. Rdc1 b3
21. Rxc5 Rxc5 22. Rxc5 Qa4 23. Qd1 Qxa2 24. Qc1 h6 25. Nd2 Bxg2 26. Kxg2 Nd5
27. Nc4 Qa4 28. e4 Nf6 29. Qe3 Rd8 30. e5 Nd5 31. Qe4 Qd7 32. Nd6 Ne7 33. Qf3
Nf5 34. Nxf5 exf5 35. d5 Qe7 36. d6 Qe6 37. Qd3 f6 38. f4 fxe5 39. fxe5 f4 40.
Qd5 Qxd5+ 41. Rxd5 Kf7 42. gxf4 Ke6 43. Rc5 g5 44. Rc7 gxf4 45. Re7+ Kd5 46.
d7 Kc6 47. e6 a5 48. Re8 Kc7 49. Kf3 a4 50. e7 Rxd7 51. Rc8+ Kxc8 52. e8=Q+
Kc7 53. Qe5+ Kb6 54. Qe6+ Kc7 55. Qc4+ {#r} 1-0

[Event "Vasta In Memoriam "]
[Site "Mar del Plata"]
[Date "2014.05.27"]
[Round "2.2"]
[White "ANINO, Sergio"]
[Black "DI MURO, Matias"]
[Result "1-0"]
[WhiteElo "2156"]
[BlackElo "2292"]
[EventRounds "2"]
[EventCountry "ARG"]

1. d4 d5 2. c4 Nc6 3. Nf3 Bg4 4. cxd5 Bxf3 5. gxf3 Qxd5 6. e3 e5 7. Nc3 Bb4 8.
Bd2 Bxc3 9. bxc3 Nge7 10. c4 Qd6 11. d5 Nb8 12. Rb1 b6 13. Bb4 c5 14. Bc3 Nd7
15. Rg1 Rg8 16. Bh3 f5 17. Qc2 g6 18. Ke2 O-O-O 19. a4 a5 20. Qb2 Kc7 21. e4
Rdf8 22. f4 Nxd5 23. cxd5 exf4 24. f3 Re8 25. Kf2 Ne5 26. Bxe5 Rxe5 27. Bxf5
Rd8 28. Be6 g5 29. h4 {#r} 1-0

[Event "Vasta In Memoriam "]
[Site "Mar del Plata"]
[Date "2014.05.29"]
[Round "2.3"]
[White "IM ROSITO, Jorge"]
[Black "ANINO, Sergio"]
[Result "1/2-1/2"]
[WhiteElo "2381"]
[BlackElo "2156"]
[EventType "tourn"]
[EventRounds "2"]
[EventCountry "ARG"]

1. e4 e5 2. Nf3 Nc6 3. Bb5 Nge7 4. Nc3 g6 5. d4 exd4 6. Nd5 Bg7 7. Bg5 h6 8.
Bf6 Bxf6 9. Nxf6+ Kf8 10. Qd2 Ng8 11. Nxg8 Kxg8 12. O-O Qf6 13. Rfe1 d6 14.
Bxc6 bxc6 15. Qxd4 Qxd4 16. Nxd4 Bd7 17. Rad1 Kg7 18. f3 {#d} 1/2-1/2

[Event "Vasta In Memoriam "]
[Site "Mar del Plata"]
[Date "2014.05.29"]
[Round "2.3"]
[White "DI MURO, Matias"]
[Black "FRAILE, Jorge"]
[Result "1/2-1/2"]
[WhiteElo "2292"]
[BlackElo "2355"]
[EventRounds "2"]
[EventCountry "ARG"]

1. e4 c5 2. Nc3 d6 3. Nf3 Nf6 4. d4 cxd4 5. Nxd4 a6 6. f3 e5 7. Nb3 Be6 8. Be3
Be7 9. Qd2 O-O 10. O-O-O a5 11. Bb5 Na6 12. Qf2 Nc7 13. Be2 a4 14. Nc5 a3 15.
b3 Qc8 16. N5a4 Nd7 17. Qe1 b5 18. Nxb5 Qb7 19. c4 Nxb5 20. cxb5 d5 21. exd5
Bf5 22. Nc3 Bb4 23. Bc4 Rac8 24. Bd2 Nb6 25. Qe2 Rfd8 26. d6 Rxd6 27. Qxe5
Nxc4 28. bxc4 Be6 29. Rhe1 Rxc4 30. Re4 Rd5 31. Rxc4 Rxe5 32. Rxb4 h6 33. Re1
Rc5 34. Rd1 {#d} 1/2-1/2

[Event "Vasta In Memoriam "]
[Site "Mar del Plata"]
[Date "2014.05.29"]
[Round "2.3"]
[White "FIDEL, Roberto"]
[Black "GOYENECHE, Roberto"]
[Result "1-0"]
[WhiteElo "2197"]
[BlackElo "2151"]
[EventType "tourn"]
[EventRounds "2"]
[EventCountry "ARG"]

1. d4 g6 2. c4 Bg7 3. Nc3 d6 4. e4 Nf6 5. f4 O-O 6. Be2 c5 7. Nf3 Bg4 8. d5 e6
9. O-O exd5 10. cxd5 Nfd7 11. Nd2 Bxe2 12. Qxe2 Re8 13. Qf3 Na6 14. Nc4 Nb6
15. Nxb6 Qxb6 16. f5 Nb4 17. f6 Bh8 18. Bg5 Nc2 19. Rad1 Nd4 20. Qf2 Nb5 21.
Rde1 Nxc3 22. bxc3 Qa6 23. e5 dxe5 24. Qxc5 Rac8 25. Rxe5 Red8 26. Qe3 h6 27.
Bh4 Qb6 28. Bf2 Qxf6 29. Re7 Rxc3 30. Re8+ Kh7 31. Qe7 Rxd5 32. Rxh8+ {#r} 1-0

[Event "Vasta In Memoriam "]
[Site "Mar del Plata"]
[Date "2014.06.03"]
[Round "2.4"]
[White "FIDEL, Roberto"]
[Black "IM ROSITO, Jorge"]
[Result "1-0"]
[WhiteElo "2197"]
[BlackElo "2381"]
[EventType "tourn"]
[EventRounds "2"]
[EventCountry "ARG"]

1. Nf3 Nf6 2. g3 d5 3. Bg2 c6 4. O-O Bf5 5. Nh4 Bg4 6. h3 Bh5 7. g4 Bg6 8. d3
e6 9. Nxg6 hxg6 10. e4 Nbd7 11. Bf4 dxe4 12. dxe4 e5 13. Bg3 Bc5 14. Nd2 Qe7
15. c3 g5 16. Nc4 Qe6 17. Qe2 Nh7 18. b4 Be7 19. Ne3 g6 20. Rad1 a5 21. a3
axb4 22. axb4 Nb6 23. Ra1 O-O 24. Ra5 Bd6 25. Rfa1 Rad8 26. b5 Bc7 27. Ra7 Qc8
28. bxc6 bxc6 29. Nc4 Nd7 30. Qb2 Nc5 31. Qb4 Nd3 32. Qb7 Qe6 33. Nb2 Rb8 34.
Qxc7 Rxb2 35. Qe7 Re2 36. Qxe6 fxe6 37. Rd1 Nc5 38. Ra5 Rb8 39. Rxc5 {#r} 1-0

[Event "Vasta In Memoriam "]
[Site "Mar del Plata"]
[Date "2014.06.03"]
[Round "2.4"]
[White "GOYENECHE, Roberto"]
[Black "DI MURO, Matias"]
[Result "1/2-1/2"]
[WhiteElo "2151"]
[BlackElo "2292"]
[EventRounds "2"]
[EventCountry "ARG"]

1. f4 d5 2. Nf3 c6 3. b3 Nf6 4. Bb2 g6 5. c4 Bg7 6. e3 O-O 7. Be2 Nbd7 8. O-O
Nc5 9. b4 Ne6 10. d4 b6 11. Ne5 Bb7 12. c5 Nd7 13. Nxd7 Qxd7 14. Nc3 bxc5 15.
bxc5 Nc7 16. Rb1 Qe6 17. Bc1 Ba6 18. Bxa6 Nxa6 19. Qa4 Nxc5 20. Qc2 Nd7 21.
Na4 Rab8 22. Bd2 Qf5 23. Qxf5 gxf5 24. Rbc1 Nb6 25. Nb2 Nc8 26. Nd3 Nd6 27.
Rxc6 Nc4 28. Rd1 Rb7 29. Kf2 Rfb8 30. Ra6 Ra8 31. Ke2 Rb6 32. Ra4 a5 33. Rc1
Rab8 34. Rc2 Rb5 35. Bc3 R8b6 36. Nc5 Rg6 37. Kd3 Rb1 38. Rxc4 dxc4+ 39. Kxc4
Rgb6 40. Bxa5 Rb8 41. a4 Ra1 42. g3 e6 43. Rc3 Ra2 44. Bb4 Bf8 45. Ra3 Rc2+
46. Bc3 Bd6 47. a5 Bc7 48. Kd3 Rc1 49. a6 Ra8 50. Kc4 Rb1 51. Bb4 Rb8 52. a7
R1xb4+ 53. Kc3 Rb1 54. axb8=Q+ Rxb8 55. Ra2 Bd6 56. Rd2 Bf8 57. Rb2 Ra8 58.
Nd7 Rc8+ 59. Kd3 Bd6 60. e4 fxe4+ 61. Kxe4 Ra8 62. f5 exf5+ 63. Kxf5 Kg7 64.
Ne5 Bxe5 65. dxe5 Re8 66. g4 h6 67. h4 Re6 68. Rd2 Ra6 69. g5 hxg5 70. Kxg5
Rg6+ 71. Kf5 Rh6 72. Kg5 Rg6+ 73. Kf4 Rh6 74. Kg3 Rg6+ 75. Kh3 Re6 76. Rd5 f6
{#d} 1/2-1/2